000 00953nam a2200241 a 4500
001 000009275
005 20200929161535.0
008 090929s1986 dr a 001 0 spa d
040 _aDO-SdBNP
_bspa
_cBNPHU
082 _a338.187293
_bQ59p
100 1 _aQuezada, Norberto
_923993
245 1 0 _aPolítica endógena de precios y de comercio internacional agrícolas en la República Dominicana /
_cNorberto Quezada; prólogo Maritza Ruiz.
260 _aSanto Domingo, :
_bTaller,
_c1986.
300 _a209 p. :
_bil ;
_c22 cm.
500 _aIncluye referencias bibliográficas y notas al pie de las páginas
504 _aBibliografia : p. 189-195
590 _aInventariado,2018/DG
650 4 _aPolítica de precios agricolas
_xRepública dominicana
_923994
650 4 _aPolítica agricola
_xRepública dominicana
_923995
650 4 _aComercio agricola
_923996
700 1 2 _aRuiz, Maritza
_epról.
_923997
910 _aValidado. Control de calidad MFF
999 _c9037
_d9037